Manual de derecho civil

Detalles Bibliográficos
Autor principal: Rojas Gonzl̀ez, German
Formato: Desconocido
Lenguaje:español
Publicado: Bogot ̀: ECOE, 2001
Acceso en línea:Acceso restringido

MARC

LEADER 00000ny a22000003n 4500
005 2011060305195.0
008 090127s2001 ck s 000 0 spa d
020 |a 9586482774 
035 |a 2491 
040 |a UMA.RE  |d vLex 
080 |a 347(075.8)(0.034) 
090 |c 459  |d 459 
100 1 |a Rojas Gonzl̀ez, German 
245 1 0 |a Manual de derecho civil  |h [Recurso electrn̤ico]  |c Germǹ Rojas Gonzl̀ez 
256 |a Servicio en ln̕ea 
260 |a Bogot ̀:  |b ECOE,   |c 2001 
506 1 |a Contenido solo disponible en los productos indicados  |d vLex Global  |d vLex Global (Academic Edition, excluding Law Schools)  |d vLex Global (U.S. Academic Edition, Law Schools)  |d vLex Global (U.S. Academic Edition, excluding Law Schools)  |d vLex Global (Academic Edition, Law Schools) 
740 0 |a vLex Libros (Servicios en ln̕ea) 
856 4 0 |u http://vlex.com/source/2491  |z Acceso restringido 
942 |c BOOK 
999 0 |a Civil Law  |b Bogot̀